Vida de Mahoma / (Record no. 55448)

MARC details
000 -LEADER
campo de control de longitud fija 00695nam a2200229 i 4500
001 - NÚMERO DE CONTROL
campo de control 55448
003 - IDENTIFICADOR DE NÚMERO DE CONTROL
campo de control ES-MaACL
005 - FECHA Y HORA DE LA ÚLTIMA TRANSACCIÓN
campo de control 20230906163140.0
007 - CAMPO FIJO DE DESCRIPCIÓN FÍSICA--INFORMACIÓN GENERAL
campo de control de longitud fija t|
008 - DATOS DE LONGITUD FIJA--INFORMACIÓN GENERAL
campo de control de longitud fija 030919s1942 sp ||||1| spa d
100 1# - ENTRADA PRINCIPAL--NOMBRE DE PERSONA
Nombre de persona Dermenghen, Emile.
9 (RLIN) 43778
245 10 - MENCIÓN DEL TÍTULO
Título Vida de Mahoma /
Mención de responsabilidad, etc. por Emile Dermenghen ; [traducción del francés por Raymundo Mayoral].
250 ## - MENCION DE EDICION
Mención de edición [1ª ed.].
260 ## - PUBLICACIÓN, DISTRIBUCIÓN, ETC.
Lugar de publicación, distribución, etc. [Barcelona] :
Nombre del editor, distribuidor, etc. Lauro,
Fecha de publicación, distribución, etc. [1942] (
Fabricante Agustín Núñez)
300 ## - DESCRIPCIÓN FÍSICA
Extensión 299 p. ;
Dimensiones 20 cm.
490 1# - MENCIÓN DE SERIE
Mención de serie Colección Aretusa
600 04 - PUNTO DE ACCESO ADICIONAL DE MATERIA--NOMBRE DE PERSONA
Nombre de persona Mahoma.
9 (RLIN) 75544
700 1# - ENTRADA AGREGADA--NOMBRE PERSONAL
Nombre de persona Mayoral, Raymundo.
9 (RLIN) 79423
830 0# - PUNTO DE ACCESO ADICIONAL DE SERIE-TÍTULO UNIFORME
Título uniforme Colección Aretusa
9 (RLIN) 181543
852 ## - LOCALIZACIÓN
Ubicación ES-MaACL
Número de control de estantería F-5235
Sublocalización o colección R.27374
Holdings
Estatus retirado Estado de pérdida Estado de daño No para préstamo Biblioteca de origen Biblioteca actual Ubicación en estantería Fecha de adquisición Fuente de adquisición Total de préstamos Signatura topográfica completa Código de barras Visto por última vez Precio de reemplazo Tipo de ítem Koha
        Biblioteca del Ateneo de Madrid Biblioteca del Ateneo de Madrid Depósito 2 17/01/2008     F-5235 1058256 23/02/2023 23/02/2023 Libro impreso